<?xml version="1.0" encoding="UTF-8"?>
<record
    xmlns:xsi="http://www.w3.org/2001/XMLSchema-instance"
    xsi:schemaLocation="http://www.loc.gov/MARC21/slim http://www.loc.gov/standards/marcxml/schema/MARC21slim.xsd"
    xmlns="http://www.loc.gov/MARC21/slim">

  <leader>02165nam a2200361 u 4500</leader>
  <datafield tag="999" ind1=" " ind2=" ">
    <subfield code="c">8022</subfield>
    <subfield code="d">8022</subfield>
  </datafield>
  <controlfield tag="001">991061159590306706</controlfield>
  <controlfield tag="003">OSt</controlfield>
  <controlfield tag="005">20250507121423.0</controlfield>
  <controlfield tag="008">240723s2024    sp      r     000 0 spa d</controlfield>
  <datafield tag="020" ind1=" " ind2=" ">
    <subfield code="a">9798882594816</subfield>
    <subfield code="q">volumen 1</subfield>
  </datafield>
  <datafield tag="020" ind1=" " ind2=" ">
    <subfield code="a">9798884116092</subfield>
    <subfield code="q">volumen 2</subfield>
  </datafield>
  <datafield tag="020" ind1=" " ind2=" ">
    <subfield code="a">9798320969480</subfield>
    <subfield code="q">volumen 3</subfield>
  </datafield>
  <datafield tag="020" ind1=" " ind2=" ">
    <subfield code="a">9798322190998</subfield>
    <subfield code="q">volumen 4</subfield>
  </datafield>
  <datafield tag="020" ind1=" " ind2=" ">
    <subfield code="a">9798323863655</subfield>
    <subfield code="q">volumen 5</subfield>
  </datafield>
  <datafield tag="020" ind1=" " ind2=" ">
    <subfield code="a">9798326707147</subfield>
    <subfield code="q">volumen 6</subfield>
  </datafield>
  <datafield tag="020" ind1=" " ind2=" ">
    <subfield code="a">9798327393325</subfield>
    <subfield code="q">volumen 7</subfield>
  </datafield>
  <datafield tag="040" ind1=" " ind2=" ">
    <subfield code="b">cat</subfield>
    <subfield code="e">rda</subfield>
    <subfield code="c">cdmr</subfield>
  </datafield>
  <datafield tag="100" ind1="1" ind2=" ">
    <subfield code="a">Segarra Moreno, Luis.</subfield>
    <subfield code="e">autor</subfield>
  </datafield>
  <datafield tag="245" ind1="1" ind2="0">
    <subfield code="a">100 a&#xF1;os de radio en Barcelona /</subfield>
    <subfield code="c">Luis Segarra Moreno</subfield>
  </datafield>
  <datafield tag="246" ind1="3" ind2=" ">
    <subfield code="a">Cien a&#xF1;os de radio en Barcelona</subfield>
  </datafield>
  <datafield tag="264" ind1=" " ind2="1">
    <subfield code="b">Asociaci&#xF3;n Cultural  Radio Serran&#xED;a,</subfield>
    <subfield code="c">2024</subfield>
  </datafield>
  <datafield tag="300" ind1=" " ind2=" ">
    <subfield code="a">7 volums ;</subfield>
    <subfield code="c">23 cm</subfield>
  </datafield>
  <datafield tag="504" ind1=" " ind2=" ">
    <subfield code="a">Bibliografia. &#xCD;ndex</subfield>
  </datafield>
  <datafield tag="505" ind1="8" ind2=" ">
    <subfield code="a">Volumen 1: R&#xE0;dio Barcelona, R&#xE0;dio Barcelona 2, Sercat, SER Catalunya, Los 40 Principales, Cadena Dial, M80, Radiol&#xE9;, M&#xE1;xima FM, Los 40 Classic, Los 40 Urban, Los 40 Dance, Sinfo Radio Antena 3, Ona FM, Radio Trafic</subfield>
  </datafield>
  <datafield tag="505" ind1="8" ind2=" ">
    <subfield code="a">Volumen 2: Radio Nacional de Espa&#xF1;a,  Radio Cl&#xE1;sica, Radio 3, R&#xE0;dio 4, Radio 5 Todo Noticias, Radio Peninsular de Barcelona, Radio Europa N&#xBA; 2</subfield>
  </datafield>
  <datafield tag="505" ind1="8" ind2=" ">
    <subfield code="a">Volumen 3: Catalunya R&#xE0;dio, Catalunya Cultura, Catalunya M&#xFA;sica, Catalunya Informaci&#xF3;, iCat FM</subfield>
  </datafield>
  <datafield tag="505" ind1="8" ind2=" ">
    <subfield code="a">Volumen 4: Antena 3 Radio, Betev&#xE9;, Cadena Top, Cadena 100, COM R&#xE0;dio, COPE Barcelona, Contrabanda FM, Flaix FM y Ona Catalana</subfield>
  </datafield>
  <datafield tag="505" ind1="8" ind2=" ">
    <subfield code="a">Volumen 5: Onda Cero Barcelona, Onda Rambla, RAC 1, RAC 105, R&#xE0;dio Associaci&#xF3; de Catalunya, R&#xE0;dio Avui - Cadena 13, R&#xE0;dio Ciutat de Badalona, Radio Club 25, Radio Coraz&#xF3;n i altres 62 emisores</subfield>
  </datafield>
  <datafield tag="505" ind1="8" ind2=" ">
    <subfield code="a">Volumen 6: R&#xE0;dio Cornell&#xE0;, Radio Espa&#xF1;a de Barcelona, R&#xE0;dio Estel, R&#xE0;dio Flaixbac, R&#xE0;dio Gramenet, Radio Juventud de Barcelona, R&#xE0;dio L'Hospitalet, Radio Marca, Radio Minuto i altres 61 emisores m&#xE9;s</subfield>
  </datafield>
  <datafield tag="505" ind1="8" ind2=" ">
    <subfield code="a">Volumen 7: Radio Miramar, R&#xE0;dio Nou Barris, Radio Pica, R&#xE0;dio Salut Radio Tele Taxi, Radio 80 Serie Oro, RM Radio, Sants Monjuic Radio i altres 109 emisores m&#xE9;s</subfield>
  </datafield>
  <datafield tag="650" ind1=" " ind2="7">
    <subfield code="a">Radiodifusi&#xF3;</subfield>
    <subfield code="z">Barcelona (Catalunya)</subfield>
    <subfield code="x">Hist&#xF2;ria</subfield>
    <subfield code="2">lemac</subfield>
  </datafield>
  <datafield tag="942" ind1=" " ind2=" ">
    <subfield code="2">udc</subfield>
    <subfield code="c">MON</subfield>
  </datafield>
  <datafield tag="952" ind1=" " ind2=" ">
    <subfield code="0">0</subfield>
    <subfield code="1">0</subfield>
    <subfield code="4">0</subfield>
    <subfield code="7">0</subfield>
    <subfield code="a">CDMR</subfield>
    <subfield code="b">CDMR</subfield>
    <subfield code="d">2025-05-07</subfield>
    <subfield code="e">Donaci&#xF3;</subfield>
    <subfield code="g">45.00</subfield>
    <subfield code="l">0</subfield>
    <subfield code="o">Eu/35</subfield>
    <subfield code="p">CDMR25050001</subfield>
    <subfield code="r">2025-05-07</subfield>
    <subfield code="t">Vol. 1</subfield>
    <subfield code="w">2025-05-07</subfield>
    <subfield code="y">MON</subfield>
  </datafield>
  <datafield tag="952" ind1=" " ind2=" ">
    <subfield code="0">0</subfield>
    <subfield code="1">0</subfield>
    <subfield code="4">0</subfield>
    <subfield code="7">0</subfield>
    <subfield code="a">CDMR</subfield>
    <subfield code="b">CDMR</subfield>
    <subfield code="d">2025-05-07</subfield>
    <subfield code="e">Donaci&#xF3;</subfield>
    <subfield code="g">45.00</subfield>
    <subfield code="l">0</subfield>
    <subfield code="o">Eu/36</subfield>
    <subfield code="p">CDMR25050002</subfield>
    <subfield code="r">2025-05-07</subfield>
    <subfield code="t">Vol. 2</subfield>
    <subfield code="w">2025-05-07</subfield>
    <subfield code="y">MON</subfield>
  </datafield>
  <datafield tag="952" ind1=" " ind2=" ">
    <subfield code="0">0</subfield>
    <subfield code="1">0</subfield>
    <subfield code="4">0</subfield>
    <subfield code="7">0</subfield>
    <subfield code="a">CDMR</subfield>
    <subfield code="b">CDMR</subfield>
    <subfield code="d">2025-05-07</subfield>
    <subfield code="e">Donaci&#xF3;</subfield>
    <subfield code="g">45.00</subfield>
    <subfield code="l">0</subfield>
    <subfield code="o">Eu/37</subfield>
    <subfield code="p">CDMR25050003</subfield>
    <subfield code="r">2025-05-07</subfield>
    <subfield code="t">Vol. 3</subfield>
    <subfield code="w">2025-05-07</subfield>
    <subfield code="y">MON</subfield>
  </datafield>
  <datafield tag="952" ind1=" " ind2=" ">
    <subfield code="0">0</subfield>
    <subfield code="1">0</subfield>
    <subfield code="4">0</subfield>
    <subfield code="7">0</subfield>
    <subfield code="a">CDMR</subfield>
    <subfield code="b">CDMR</subfield>
    <subfield code="d">2025-05-07</subfield>
    <subfield code="e">Donaci&#xF3;</subfield>
    <subfield code="g">45.00</subfield>
    <subfield code="l">0</subfield>
    <subfield code="o">Eu/38</subfield>
    <subfield code="p">CDMR25050004</subfield>
    <subfield code="r">2025-05-07</subfield>
    <subfield code="t">Vol. 4</subfield>
    <subfield code="w">2025-05-07</subfield>
    <subfield code="y">MON</subfield>
  </datafield>
  <datafield tag="952" ind1=" " ind2=" ">
    <subfield code="0">0</subfield>
    <subfield code="1">0</subfield>
    <subfield code="4">0</subfield>
    <subfield code="7">0</subfield>
    <subfield code="a">CDMR</subfield>
    <subfield code="b">CDMR</subfield>
    <subfield code="d">2025-05-07</subfield>
    <subfield code="e">Donaci&#xF3;</subfield>
    <subfield code="g">45.00</subfield>
    <subfield code="l">0</subfield>
    <subfield code="o">Eu/39</subfield>
    <subfield code="p">CDMR25050005</subfield>
    <subfield code="r">2025-05-07</subfield>
    <subfield code="t">Vol. 5</subfield>
    <subfield code="w">2025-05-07</subfield>
    <subfield code="y">MON</subfield>
  </datafield>
  <datafield tag="952" ind1=" " ind2=" ">
    <subfield code="0">0</subfield>
    <subfield code="1">0</subfield>
    <subfield code="4">0</subfield>
    <subfield code="7">0</subfield>
    <subfield code="a">CDMR</subfield>
    <subfield code="b">CDMR</subfield>
    <subfield code="d">2025-05-07</subfield>
    <subfield code="e">Donaci&#xF3;</subfield>
    <subfield code="g">45.00</subfield>
    <subfield code="l">0</subfield>
    <subfield code="o">Eu/40</subfield>
    <subfield code="p">CDMR25050006</subfield>
    <subfield code="r">2025-05-07</subfield>
    <subfield code="t">Vol. 6</subfield>
    <subfield code="w">2025-05-07</subfield>
    <subfield code="y">MON</subfield>
  </datafield>
  <datafield tag="952" ind1=" " ind2=" ">
    <subfield code="0">0</subfield>
    <subfield code="1">0</subfield>
    <subfield code="4">0</subfield>
    <subfield code="7">0</subfield>
    <subfield code="a">CDMR</subfield>
    <subfield code="b">CDMR</subfield>
    <subfield code="d">2025-05-07</subfield>
    <subfield code="e">Donaci&#xF3;</subfield>
    <subfield code="g">45.00</subfield>
    <subfield code="l">0</subfield>
    <subfield code="o">Eu/41</subfield>
    <subfield code="p">CDMR25050007</subfield>
    <subfield code="r">2025-05-07</subfield>
    <subfield code="t">Vol. 7</subfield>
    <subfield code="w">2025-05-07</subfield>
    <subfield code="y">MON</subfield>
  </datafield>
</record>
